| 000 | 00627nam a2200217 a 4500 | ||
|---|---|---|---|
| 005 | 20250809063840.0 | ||
| 008 | 991125s1987 mad 000 0 spa u | ||
| 020 | _a8429426035 | ||
| 035 | _aUPN01000021602 | ||
| 049 | _aCG | ||
| 050 | 4 |
_aLB1026 _bN5.48 |
|
| 100 | 1 | _aNisbet, John | |
| 245 | 1 | 0 |
_aEstrategias de aprendizaje / _cJohn Nisbet, Janet Shucksmith ; tr. Ana Bermejo. |
| 260 |
_aMadrid : _bSantillana, _c1987. |
||
| 300 | _a173 p. | ||
| 440 | 0 |
_aAula XXI ; _v34 |
|
| 650 | 4 |
_aInnovaciones educativas _9386 |
|
| 650 | 2 |
_aObjetivos de la enseƱanza _921083 |
|
| 700 | 1 |
_aShucksmith, Janet, _ecoaut. |
|
| 905 | _aLibro | ||
| 999 |
_c21602 _d21602 |
||